000 00414nam a2200145Ia 4500
008 100204s9999 xx 000 0 und d
082 _b5290
100 _aक्षीरसागर राम
245 _aउमा
260 _b"दिपाली प्रकाशन , कल्याण , ठाणे"
_c1983
300 _a192
630 _aउमा
730 _aउमा
942 _cBOOK
999 _c449903
_d449900